| 000 | 00930cab a2200253 4500 | ||
|---|---|---|---|
| 001 | ABS58769 | ||
| 008 | 090401t1998 xxu||||| |||| 00| 0 eng d | ||
| 035 | _a(Sirsi) u86611 | ||
| 041 | _aeng | ||
| 100 | _aWilliams, C. | ||
| 245 | _aProblems posed by provincial planning | ||
| 260 | _c1998 | ||
| 350 | _a0 | ||
| 490 |
_aPlanning (for the Natural and Built Environment) _v(1269) 22 May 1998, 18-19(2) |
||
| 520 | _aRaises questions over the government consultation paper "The future of regional planning guidance". Highlights ambiguities in the idea of transitional regions in relation to localised planning guidance, and asserts the need for certain advocacy policies. | ||
| 650 | _aCONSULTATION PAPER | ||
| 650 | _aPLANNING CONTROL | ||
| 650 | _aPLANNING ISSUES | ||
| 650 | _aPLANNING POLICY | ||
| 650 | _aREGIONAL PLANNING GUIDANCE | ||
| 690 | _aPLANNING LAW AND PRACTICE | ||
| 942 | _n0 | ||
| 948 | _c05/06/1998 | ||
| 999 |
_c54535 _d54535 |
||